| 000 | 00368nam a2200157Ia 4500 | ||
|---|---|---|---|
| 999 |
_c10776 _d10776 |
||
| 008 | 191201s2011 xx 000 0 und d | ||
| 082 |
_a658.083 _bGUB |
||
| 100 | _aGUPTA, S.P. | ||
| 245 | 0 | _aBusiness Statistics | |
| 250 | _a9th | ||
| 260 |
_aNew Delhi _bS Chand and Sons _c2021 |
||
| 300 | _a798 | ||
| 650 | _aB Com | ||
| 700 | _aGUPTA, M.P. | ||
| 942 |
_2ddc _cBK _08 |
||